Journal of Physics: журнал; Ser. C; Solid State Physics

Bibliographic Details
Previous Title:Proceedings of the Physical Society
Language:English
Published: London, Taylor & Francis Group, 1968-1973
Subjects:
Format: Serial
KOHA link:https://koha.lib.tpu.ru/cgi-bin/koha/opac-detail.pl?biblionumber=379820

MARC

LEADER 00000nas1a2200000 4500
001 379820
005 20231101062630.0
035 |a (RuTPU)RU\TPU\prd\259 
035 |a PERI00000259 
090 |a 379820 
100 |a 20011210d19689999k y0engy50 ba 
101 0 |a eng 
102 |a GB 
110 |a azaz|||0uu0 
200 1 |a Journal of Physics  |h Ser. C  |i Solid State Physics  |e журнал 
210 |d 1968-1973  |c Taylor & Francis Group  |a London 
430 1 |0 (RuTPU)RU\TPU\prd\278  |t Proceedings of the Physical Society  |o журнал  |c London  |n Taylor & Francis Group  |d 1958-1967 
610 1 |a физика 
610 1 |a твердые тела 
610 1 |a сплавы 
610 1 |a кристаллы 
801 0 |a RU  |b 63413507  |c 20011210  |g PSBO 
801 2 |a RU  |b 63413507  |c 20160919  |g PSBO 
942 |c CR